Draw all French Regional Borders - Statistics

General Stats
  • This quiz has been taken 416 times
  • The average score is 19 of 23
Answers on the Map
Answers color-coded by a green-red scale on the quiz's map according to % correct below.
 
Answer Stats
Answer % Correct
Brittany - Normandy
97%
Île-de-France - Normandy
91%
Brittany - Pays de la Loire
87%
Grand Est - Île-de-France
85%
Normandy - Pays de la Loire
84%
Provence-Alpes-Côte d'Azur - Occitanie
84%
Hauts-de-France - Île-de-France
83%
Nouvelle Aquitaine - Occitanie
83%
Hauts-de-France - Normandy
82%
Nouvelle Aquitaine - Pays de la Loire
82%
Bourgogne-Franche-Comté - Grand Est
81%
Centre-Val de Loire - Île-de-France
81%
Grand Est - Hauts-de-France
81%
Auvergne-Rhône-Alpes - Bourgogne-Franche-Comté
80%
Auvergne-Rhône-Alpes - Occitanie
80%
Bourgogne-Franche-Comté - Île-de-France
80%
Centre-Val de Loire - Normandy
80%
Centre-Val de Loire - Nouvelle Aquitaine
80%
Centre-Val de Loire - Pays de la Loire
80%
Provence-Alpes-Côte d'Azur - Auvergne-Rhône-Alpes
80%
Bourgogne-Franche-Comté - Centre-Val de Loire
79%
Auvergne-Rhône-Alpes - Centre-Val de Loire
78%
Auvergne-Rhône-Alpes - Nouvelle Aquitaine
78%
No matching quizzes found
Score Distribution
Percent of People with Each Score
Percentile by Number Answered
Your Score History
You have not taken this quiz